000 00369nam a2200109Ia 4500
008 220204s9999 xx 000 0 und d
082 _a054
_bKOR.8
245 0 _aMethodicum chimicum: A crucial survey of proven methods and their application in chemistry, natural science and medicine. V 8
260 _aNew York
_bAcademic
_c1976
700 _aKorte, Fridhelm
942 _cBK
999 _c29611
_d29611